=LDR 00000nam 2200000 4500 =001 INLIS000000000035821 =005 20130612141641 =008 ***********************************Ind** =035 ##$$0010-061300000035821 =041 ##$$a Ind =082 ##$$a 372 =090 ##$$a 372, Wah w =100 ##$$a Wahjoetomo =245 ##$$a Wajib belajar pendidikan Dasar 9 tahun, Problematik dan Alternarif solusinnya, Wahjoetomo =260 ##$$a 1994 $b Jakarta =300 ##$$a ix,58 hlm., 21 cm =650 ##$$a Pendidikan Dasar =850 ##$$a NBPNMAT